| 000 | 01095nam a2200241 a 4500 | ||
|---|---|---|---|
| 001 | 71989 | ||
| 003 | BD-RjUL | ||
| 005 | 20211209082210.0 | ||
| 008 | 170511s1960 ii 001 0dben d | ||
| 035 | _a(BD-RjUL)72205 | ||
| 040 |
_aBD-RjUL _cBD-RjUL _dBD-RjUL _bben/eng |
||
| 041 | _aben | ||
| 082 |
_a891.441092 _223 _bMUR V-1 1960 |
||
| 100 | 1 |
_aমুখোপাধ্যায়, প্রভাতকুমার _9238542 |
|
| 245 | 1 | 0 |
_aরবীন্দ্রজীবনী ও রবীন্দ্রসাহিত্য-প্রবেশক / _cপ্রভাতকুমার মুখোপাধ্যায় |
| 250 | _aসংশোধিত সং | ||
| 260 |
_aকলিকাতা : _bবিশ্বভারতী গ্রন্থালয়, _c১৯৬০ |
||
| 300 |
_aখণ্ড ; _c২৫ সেমি. |
||
| 505 | 0 | _aখণ্ড ১ -- | |
| 600 |
_a ঠাকুর, রবীন্দ্রনাথ, _d১৮৬১-১৯৪১ _xজীবনী _9238543 |
||
| 600 |
_aTagore, Robindronath _d1861-1941 _x Biograohy _9238544 |
||
| 942 |
_2ddc _cBK |
||
| 999 |
_c71989 _d71989 |
||